| 000 | 00370nam a2200145Ia 4500 | ||
|---|---|---|---|
| 003 | OSt | ||
| 005 | 20240330102100.0 | ||
| 008 | 170523s9999 xx 000 0 und d | ||
| 020 | _a978-9332549913 | ||
| 040 | _cIIMT UNIVERSITY MEERUT | ||
| 100 | _aGayakwad- Ramakant A. | ||
| 245 | 0 | _aOp-Amps and Linear Integrated Circuits | |
| 260 | _aPHI New Delhi | ||
| 942 |
_2ddc _c02 |
||
| 999 |
_c12376 _d12376 |
||